[Event "Stay Safe Play From Home 381"]
[Site "Emanuel Lasker Arena"]
[Date "2020.08.13"]
[Round "7"]
[White "Ionelluca"]
[Black "Hickey"]
[Result "0-1"]
[WhiteElo "1991"]
[BlackElo "2113"]
[PlyCount "142"]
[EventDate "2020.08.13"]
[EventType "swiss (blitz)"]

1. c4 {[%emt 0:00:02]} Nf6 {[%emt 0:00:01]} 2. Nc3 {[%emt 0:00:03]} c5 {[%emt 0:00:04]} 3. g3 {[%emt 0:00:01]} d5 {[%emt 0:00:03]} 4. cxd5 {[%emt 0:00:01]} Nxd5 {[%emt 0:00:01]} 5. Bg2 {[%emt 0:00:00]} e6 {[%emt 0:00:04]} 6. d3 {[%emt 0:00:01]} Nc6 {[%emt 0:00:02]} 7. Nf3 {[%emt 0:00:02]} Be7 {[%emt 0:00:01]} 8. Bd2 {[%emt 0:00:01]} O-O {[%emt 0:00:01]} 9. Rc1 {[%emt 0:00:01]} b6 {[%emt 0:00:01]} 10. O-O {[%emt 0:00:17]} Bb7 {[%emt 0:00:02]} 11. a3 {[%emt 0:00:00]} Bf6 {[%emt 0:00:14]} 12. Qc2 {[%emt 0:00:04]} Rc8 {[%emt 0:00:03]} 13. Ne4 {[%emt 0:00:01]} Be7 {[%emt 0:00:06]} 14. b3 {[%emt 0:00:02]} h6 {[%emt 0:00:01]} 15. Qa2 {[%emt 0:00:02]} f5 {[%emt 0:00:03]} 16. Nc3 {[%emt 0:00:03]} Kh8 {[%emt 0:00:04]} 17. Rfe1 {[%emt 0:00:02]} Bf6 {[%emt 0:00:05]} 18. Qc2 {[%emt 0:00:12]} Nd4 {[%emt 0:00:08]} 19. Qa2 {[%emt 0:00:01]} e5 {[%emt 0:00:05]} 20. Nxd4 {[%emt 0:00:36]} exd4 {[%emt 0:00:23]} 21. Nd1 {[%emt 0:00:02]} a5 {[%emt 0:00:05]} 22. Nb2 {[%emt 0:00:02]} Nc3 {[%emt 0:00:15]} 23. Qa1 {[%emt 0:00:04]} Bxg2 {[%emt 0:00:02]} 24. Kxg2 {[%emt 0:00:02]} Qd5+ {[%emt 0:00:00]} 25. Kg1 {[%emt 0:00:01]} Qxb3 {[%emt 0:00:02]} 26. Nc4 {[%emt 0:00:02]} b5 {[%emt 0:00:09]} 27. Bxc3 {[%emt 0:00:03]} bxc4 {[%emt 0:00:04]} 28. Bxa5 {[%emt 0:00:09]} cxd3 {[%emt 0:00:02]} 29. exd3 {[%emt 0:00:08]} Qxd3 {[%emt 0:00:00]} 30. Red1 {[%emt 0:00:05]} Qa6 {[%emt 0:00:01]} 31. Be1 {[%emt 0:00:03]} c4 {[%emt 0:00:01]} 32. Qa2 {[%emt 0:00:01]} c3 {[%emt 0:00:01]} 33. Qd5 {[%emt 0:00:05]} Qxa3 {[%emt 0:00:06]} 34. Qxf5 {[%emt 0:00:05]} Qc5 {[%emt 0:00:02]} 35. Qd3 {[%emt 0:00:03]} Bg5 {[%emt 0:00:03]} 36. Rc2 {[%emt 0:00:01]} Bf6 {[%emt 0:00:01]} 37. Rcc1 {[%emt 0:00:01]} Qc4 {[%emt 0:00:01]} 38. Rc2 {[%emt 0:00:01]} Qxd3 {[%emt 0:00:02]} 39. Rxd3 {[%emt 0:00:01]} Rfe8 {[%emt 0:00:00]} 40. Kf1 {[%emt 0:00:01]} Rb8 {[%emt 0:00:00]} 41. Rc1 {[%emt 0:00:03]} Rb2 {[%emt 0:00:01]} 42. Rcd1 {[%emt 0:00:03]} Ree2 {[%emt 0:00:01]} 43. Bxc3 {[%emt 0:00:03]} dxc3 {[%emt 0:00:02]} 44. Re3 {[%emt 0:00:01]} Rxe3 {[%emt 0:00:02]} 45. fxe3 {[%emt 0:00:01]} Rxh2 {[%emt 0:00:00]} 46. Kg1 {[%emt 0:00:01]} Re2 {[%emt 0:00:02]} 47. Kf1 {[%emt 0:00:01]} Rxe3 {[%emt 0:00:01]} 48. Kf2 {[%emt 0:00:00]} Re5 {[%emt 0:00:00]} 49. Rc1 {[%emt 0:00:02]} Kh7 {[%emt 0:00:00]} 50. Rxc3 {[%emt 0:00:02]} Rf5+ {[%emt 0:00:01]} 51. Rf3 {[%emt 0:00:00]} Rxf3+ {[%emt 0:00:00]} 52. Kxf3 {[%emt 0:00:00]} Kg6 {[%emt 0:00:00]} 53. Kg4 {[%emt 0:00:01]} Be5 {[%emt 0:00:01]} 54. Kf3 {[%emt 0:00:01]} Bxg3 {[%emt 0:00:01]} 55. Kxg3 {[%emt 0:00:00]} Kg5 {[%emt 0:00:00]} 56. Kf3 {[%emt 0:00:01]} h5 {[%emt 0:00:00]} 57. Kg3 {[%emt 0:00:01]} h4+ {[%emt 0:00:00]} 58. Kh3 {[%emt 0:00:00]} Kh5 {[%emt 0:00:00]} 59. Kh2 {[%emt 0:00:01]} g5 {[%emt 0:00:00]} 60. Kg2 {[%emt 0:00:00]} g4 {[%emt 0:00:00]} 61. Kh2 {[%emt 0:00:00]} Kg5 {[%emt 0:00:00]} 62. Kg2 {[%emt 0:00:00]} Kf4 {[%emt 0:00:00]} 63. Kf2 {[%emt 0:00:00]} h3 {[%emt 0:00:01]} 64. Kf1 {[%emt 0:00:02]} Kg3 {[%emt 0:00:00]} 65. Kg1 {[%emt 0:00:01]} Kf3 {[%emt 0:00:00]} 66. Kh2 {[%emt 0:00:01]} g3+ {[%emt 0:00:01]} 67. Kxh3 {[%emt 0:00:01]} g2 {[%emt 0:00:01]} 68. Kh2 {[%emt 0:00:01]} Kf2 {[%emt 0:00:00]} 69. Kh3 {[%emt 0:00:00]} g1=Q {[%emt 0:00:00]} 70. Kh4 {[%emt 0:00:00]} Qg6 {[%emt 0:00:00]} 71. Kh3 {[%emt 0:00:01]} Qg3# {[%emt 0:00:00] (Lag: Av=0.66s, max=1.1s) (Lag: Av=0.66s, max=1.1s) (Lag: Av=0.66s, max=1.1s)} 0-1

[Event "Stay Safe Play From Home 381"]
[Site "Emanuel Lasker Arena"]
[Date "2020.08.13"]
[Round "7"]
[White "Lazieri3"]
[Black "Chesstiger9"]
[Result "1-0"]
[WhiteElo "1916"]
[BlackElo "1989"]
[PlyCount "41"]
[EventDate "2020.08.13"]
[EventType "swiss (blitz)"]

{- Volkov, Yuri} 1. e4 {[%emt 0:00:01]} d6 {[%emt 0:00:04]} 2. d4 {[%emt 0:00:08]} Nf6 {[%emt 0:00:01]} 3. Nc3 {[%emt 0:00:00]} g6 {[%emt 0:00:01]} 4. Nf3 {[%emt 0:00:01]} Bg7 {[%emt 0:00:01]} 5. Be3 {[%emt 0:00:00]} O-O {[%emt 0:00:01]} 6. Qd2 {[%emt 0:00:00]} c6 {[%emt 0:00:11]} 7. Bh6 {[%emt 0:00:01]} b5 {[%emt 0:00:01]} 8. Bd3 {[%emt 0:00:03]} Nbd7 {[%emt 0:00:07]} 9. h4 {[%emt 0:00:01]} e5 {[%emt 0:00:02]} 10. h5 {[%emt 0:00:03]} b4 {[%emt 0:00:06]} 11. Ne2 {[%emt 0:00:12]} Qe7 {[%emt 0:00:09]} 12. Bxg7 {[%emt 0:00:02]} Kxg7 {[%emt 0:00:01]} 13. hxg6 {[%emt 0:00:01]} fxg6 {[%emt 0:00:02]} 14. Qh6+ {[%emt 0:00:00]} Kg8 {[%emt 0:00:01]} 15. Ng5 {[%emt 0:00:01]} exd4 {[%emt 0:00:28]} 16. Nxd4 {[%emt 0:00:07]} Ne5 {[%emt 0:00:04]} 17. O-O-O {[%emt 0:00:08]} c5 {[%emt 0:00:07]} 18. Ndf3 {[%emt 0:00:08]} c4 {[%emt 0:00:02]} 19. Nxe5 {[%emt 0:00:04]} cxd3 {[%emt 0:00:08]} 20. Nxg6 {[%emt 0:00:01]} Re8 {[%emt 0:00:15]} 21. Nxe7+ {[%emt 0:00:03] Chesstiger9 resigns Chesstiger9 resigns Chesstiger9 resigns (Lag: Av=0.49s, max=0.6s) (Lag: Av=0.49s, max=0.6s) (Lag: Av=0.49s, max=0.6s)} 1-0

[Event "Stay Safe Play From Home 381"]
[Site "Emanuel Lasker Arena"]
[Date "2020.08.13"]
[Round "7"]
[White "Haris kollari 13"]
[Black "Lolzz"]
[Result "0-1"]
[WhiteElo "1887"]
[BlackElo "2104"]
[Annotator "NA"]
[PlyCount "64"]
[EventDate "2020.08.13"]
[EventType "swiss (blitz)"]

1. e4 {[%emt 0:00:07]} c5 {[%emt 0:00:04]} 2. Nf3 {[%emt 0:00:01]} d6 {[%emt 0:00:02]} 3. d4 {[%emt 0:00:01]} cxd4 {[%emt 0:00:07]} 4. Nxd4 {[%emt 0:00:00]} Nf6 {[%emt 0:00:04]} 5. Nc3 {[%emt 0:00:01]} a6 {[%emt 0:00:06]} 6. f4 {[%emt 0:00:02]} e5 {[%emt 0:00:04]} 7. Nf3 {[%emt 0:00:04]} Nbd7 {[%emt 0:00:06]} 8. Be2 {[%emt 0:00:02]} Qc7 {[%emt 0:00:04]} 9. Be3 {[%emt 0:00:03]} b5 {[%emt 0:00:06]} 10. Nd5 {[%emt 0:00:06]} Nxd5 {[%emt 0:00:04]} 11. exd5 {[%emt 0:00:01]} exf4 {[%emt 0:00:04]} 12. Bxf4 {[%emt 0:00:01]} Be7 {[%emt 0:00:02]} 13. Bd3 {[%emt 0:00:04]} O-O {[%emt 0:00:05]} 14. Qd2 {[%emt 0:00:03]} Bf6 {[%emt 0:00:06]} 15. O-O-O {[%emt 0:00:02]} Re8 {[%emt 0:00:04]} 16. Kb1 {[%emt 0:00:02]} Nb6 {[%emt 0:00:04]} 17. h3 {[%emt 0:00:08]} Nc4 {[%emt 0:00:04]} 18. Bxc4 {[%emt 0:00:04]} bxc4 {[%emt 0:00:01]} 19. c3 {[%emt 0:00:01]} Bf5+ {[%emt 0:00:05]} 20. Ka1 {[%emt 0:00:02]} Bd3 {[%emt 0:00:03]} 21. Rhe1 {[%emt 0:00:08]} Qc5 {[%emt 0:00:05]} 22. Be3 {[%emt 0:00:05]} Qxd5 {[%emt 0:00:05]} 23. Bd4 {[%emt 0:00:01]} Be5 {[%emt 0:00:05]} 24. Re3 {[%emt 0:00:11]} f6 {[%emt 0:00:05]} 25. Rde1 {[%emt 0:00:07]} Re7 {[%emt 0:00:08]} 26. g4 {[%emt 0:00:01]} Bf4 {[%emt 0:00:05]} 27. Qf2 {[%emt 0:00:09]} Bxe3 {[%emt 0:00:04]} 28. Rxe3 {[%emt 0:00:02]} Rae8 {[%emt 0:00:09]} 29. Rxe7 {[%emt 0:00:01]} Rxe7 {[%emt 0:00:03]} 30. Be3 {[%emt 0:00:04]} Bg6 {[%emt 0:00:05]} 31. a4 {[%emt 0:00:27]} Qd1+ {[%emt 0:00:04]} 32. Ka2 {[%emt 0:00:01]} Qxa4# {[%emt 0:00:04] Mate Mate Mate (Lag: Av=1.24s, max=2.1s) (Lag: Av=1.24s, max=2.1s) (Lag: Av=1.24s, max=2.1s) Haris kollari 13 resigns Haris kollari 13 resigns Haris kollari 13 resigns} 0-1

[Event "Stay Safe Play From Home 381"]
[Site "Emanuel Lasker Arena"]
[Date "2020.08.13"]
[Round "7"]
[White "Kongle"]
[Black "Greblah"]
[Result "0-1"]
[WhiteElo "1736"]
[BlackElo "1880"]
[Annotator "NA"]
[PlyCount "102"]
[EventDate "2020.08.13"]
[EventType "swiss (blitz)"]

1. d4 {[%emt 0:00:10]} c6 {[%emt 0:00:00]} 2. e4 {[%emt 0:00:04]} d5 {[%emt 0:00:00]} 3. e5 {[%emt 0:00:01]} Bf5 {[%emt 0:00:01]} 4. Ne2 {[%emt 0:00:02]} e6 {[%emt 0:00:01]} 5. Ng3 {[%emt 0:00:01]} Bg6 {[%emt 0:00:01]} 6. h4 {[%emt 0:00:01]} h6 {[%emt 0:00:01]} 7. h5 {[%emt 0:00:01]} Bh7 {[%emt 0:00:01]} 8. Bd3 {[%emt 0:00:03]} Bxd3 {[%emt 0:00:00]} 9. Qxd3 {[%emt 0:00:02]} c5 {[%emt 0:00:00]} 10. c3 {[%emt 0:00:02]} Nc6 {[%emt 0:00:01]} 11. Be3 {[%emt 0:00:02]} Nge7 {[%emt 0:00:02]} 12. Nd2 {[%emt 0:00:02]} Nc8 {[%emt 0:00:06]} 13. O-O {[%emt 0:00:02]} Be7 {[%emt 0:00:02]} 14. f4 {[%emt 0:00:03]} Bh4 {[%emt 0:00:07]} 15. Kh2 {[%emt 0:00:02]} c4 {[%emt 0:00:02]} 16. Qe2 {[%emt 0:00:02]} Bxg3+ {[%emt 0:00:03]} 17. Kxg3 {[%emt 0:00:02]} N8e7 {[%emt 0:00:01]} 18. Kh2 {[%emt 0:00:06]} Nf5 {[%emt 0:00:01]} 19. Bf2 {[%emt 0:00:03]} Qb6 {[%emt 0:00:15]} 20. Rab1 {[%emt 0:00:06]} O-O-O {[%emt 0:00:03]} 21. g4 {[%emt 0:00:02]} Nfe7 {[%emt 0:00:01]} 22. Bh4 {[%emt 0:00:03]} g6 {[%emt 0:00:02]} 23. hxg6 {[%emt 0:00:02]} fxg6 {[%emt 0:00:03]} 24. Bf6 {[%emt 0:00:03]} Rhg8 {[%emt 0:00:07]} 25. Nf3 {[%emt 0:00:08]} Rdf8 {[%emt 0:00:02]} 26. Qf2 {[%emt 0:00:04]} Rf7 {[%emt 0:00:03]} 27. Qh4 {[%emt 0:00:02]} Qc7 {[%emt 0:00:03]} 28. Qxh6 {[%emt 0:00:04]} Nf5 {[%emt 0:00:06]} 29. gxf5 {[%emt 0:00:16]} Rh7 {[%emt 0:00:01]} 30. Qxh7 {[%emt 0:00:04]} Qxh7+ {[%emt 0:00:01]} 31. Kg2 {[%emt 0:00:01]} gxf5+ {[%emt 0:00:01]} 32. Ng5 {[%emt 0:00:03]} Qh4 {[%emt 0:00:08]} 33. Rf3 {[%emt 0:00:12]} Qg4+ {[%emt 0:00:04]} 34. Kf2 {[%emt 0:00:01]} b5 {[%emt 0:00:13]} 35. Rg1 {[%emt 0:00:02]} Qh4+ {[%emt 0:00:09]} 36. Ke3 {[%emt 0:00:04]} Qh2 {[%emt 0:00:07]} 37. Rfg3 {[%emt 0:00:23]} Qxb2 {[%emt 0:00:05]} 38. Nxe6 {[%emt 0:00:01]} Qxc3+ {[%emt 0:00:04]} 39. Kf2 {[%emt 0:00:01]} Qd2+ {[%emt 0:00:07]} 40. Kf1 {[%emt 0:00:03]} Rxg3 {[%emt 0:00:17]} 41. Rxg3 {[%emt 0:00:02]} Qd1+ {[%emt 0:00:05]} 42. Kg2 {[%emt 0:00:01]} Qe2+ {[%emt 0:00:03]} 43. Kg1 {[%emt 0:00:04]} Qd1+ {[%emt 0:00:03]} 44. Kh2 {[%emt 0:00:01]} Nxd4 {[%emt 0:00:02]} 45. Rg8+ {[%emt 0:00:08]} Kb7 {[%emt 0:00:01]} 46. Nc5+ {[%emt 0:00:01]} Kb6 {[%emt 0:00:03]} 47. Nd7+ {[%emt 0:00:03]} Ka5 {[%emt 0:00:01]} 48. Bd8+ {[%emt 0:00:02]} Ka4 {[%emt 0:00:01]} 49. Nc5+ {[%emt 0:00:02]} Ka3 {[%emt 0:00:02]} 50. e6 {[%emt 0:00:00]} Qe2+ {[%emt 0:00:02]} 51. Kh3 {[%emt 0:00:00]} Qf3+ {[%emt 0:00:01] Time Time Time (Lag: Av=0.62s, max=1.2s) (Lag: Av=0.62s, max=1.2s) (Lag: Av=0.62s, max=1.2s)} 0-1

[Event "Stay Safe Play From Home 381"]
[Site "Emanuel Lasker Arena"]
[Date "2020.08.13"]
[Round "7"]
[White "Timbre"]
[Black "Cybertonio"]
[Result "1-0"]
[WhiteElo "1627"]
[BlackElo "1571"]
[Annotator "NA"]
[PlyCount "55"]
[EventDate "2020.08.13"]
[EventType "swiss (blitz)"]

1. d4 {[%emt 0:00:08]} d6 {[%emt 0:00:02]} 2. Nf3 {[%emt 0:00:01]} Nd7 {[%emt 0:00:00]} 3. c3 {[%emt 0:00:01]} e5 {[%emt 0:00:00]} 4. dxe5 {[%emt 0:00:02]} dxe5 {[%emt 0:00:00]} 5. Bg5 {[%emt 0:00:03]} Be7 {[%emt 0:00:01]} 6. Bxe7 {[%emt 0:00:02]} Qxe7 {[%emt 0:00:01]} 7. e3 {[%emt 0:00:01]} Ngf6 {[%emt 0:00:01]} 8. Be2 {[%emt 0:00:02]} O-O {[%emt 0:00:01]} 9. Nbd2 {[%emt 0:00:01]} c6 {[%emt 0:00:01]} 10. O-O {[%emt 0:00:01]} b5 {[%emt 0:00:02]} 11. Qc2 {[%emt 0:00:01]} Bb7 {[%emt 0:00:02]} 12. Rad1 {[%emt 0:00:02]} a5 {[%emt 0:00:03]} 13. a4 {[%emt 0:00:03]} h6 {[%emt 0:00:02]} 14. axb5 {[%emt 0:00:02]} cxb5 {[%emt 0:00:02]} 15. Bxb5 {[%emt 0:00:03]} Nc5 {[%emt 0:00:07]} 16. c4 {[%emt 0:00:04]} e4 {[%emt 0:00:20]} 17. Nd4 {[%emt 0:00:04]} Nd3 {[%emt 0:00:07]} 18. Qc3 {[%emt 0:00:07]} Qc7 {[%emt 0:00:19]} 19. b3 {[%emt 0:00:10]} Ng4 {[%emt 0:00:02]} 20. g3 {[%emt 0:00:04]} Nge5 {[%emt 0:00:11]} 21. Nf5 {[%emt 0:00:11]} Nc5 {[%emt 0:00:18]} 22. Nb1 {[%emt 0:00:10]} Ne6 {[%emt 0:00:02]} 23. Rd6 {[%emt 0:00:11]} Ng5 {[%emt 0:00:03]} 24. Kg2 {[%emt 0:00:17]} Ngf3 {[%emt 0:00:03]} 25. Nd2 {[%emt 0:00:11]} Kh7 {[%emt 0:00:01]} 26. Nxf3 {[%emt 0:00:03]} exf3+ {[%emt 0:00:08]} 27. Kg1 {[%emt 0:00:03]} Ng4 {[%emt 0:00:04]} 28. Qxg7# {[%emt 0:00:03] (Lag: Av=0.93s, max=1.3s) (Lag: Av=0.93s, max=1.3s) (Lag: Av=0.93s, max=1.3s)} 1-0

[Event "Stay Safe Play From Home 381"]
[Site "Emanuel Lasker Arena"]
[Date "2020.08.13"]
[Round "8"]
[White "SelamiSahin"]
[Black "Ionelluca"]
[Result "1-0"]
[WhiteElo "2160"]
[BlackElo "1980"]
[PlyCount "63"]
[EventDate "2020.08.13"]
[EventType "swiss (blitz)"]

{Yarar, Atakan} 1. d4 {[%emt 0:00:01]} Nf6 {[%emt 0:00:01]} 2. c4 {[%emt 0:00:01]} e6 {[%emt 0:00:01]} 3. Nc3 {[%emt 0:00:01]} Bb4 {[%emt 0:00:01]} 4. f3 {[%emt 0:00:02]} c5 {[%emt 0:00:02]} 5. d5 {[%emt 0:00:02]} b5 {[%emt 0:00:02]} 6. e4 {[%emt 0:00:04]} Nxe4 {[%emt 0:00:10]} 7. fxe4 {[%emt 0:00:03]} Qh4+ {[%emt 0:00:01]} 8. Kd2 {[%emt 0:00:03]} Qxe4 {[%emt 0:00:03]} 9. Qf3 {[%emt 0:00:03]} Qd4+ {[%emt 0:00:06]} 10. Kc2 {[%emt 0:00:03]} O-O {[%emt 0:00:47]} 11. Be3 {[%emt 0:00:09]} Qh4 {[%emt 0:00:06]} 12. Nxb5 {[%emt 0:00:08]} exd5 {[%emt 0:00:10]} 13. a3 {[%emt 0:00:04]} Nc6 {[%emt 0:00:05]} 14. cxd5 {[%emt 0:00:02]} Ne5 {[%emt 0:00:07]} 15. Qf4 {[%emt 0:00:04]} Qh5 {[%emt 0:00:12]} 16. axb4 {[%emt 0:00:03]} cxb4 {[%emt 0:00:01]} 17. Nf3 {[%emt 0:00:06]} d6 {[%emt 0:00:01]} 18. Nxd6 {[%emt 0:00:04]} Bf5+ {[%emt 0:00:04]} 19. Qxf5 {[%emt 0:00:04]} Rac8+ {[%emt 0:00:04]} 20. Nxc8 {[%emt 0:00:01]} Qxf5+ {[%emt 0:00:02]} 21. Kd2 {[%emt 0:00:10]} Nxf3+ {[%emt 0:00:04]} 22. gxf3 {[%emt 0:00:02]} Qxd5+ {[%emt 0:00:04]} 23. Ke2 {[%emt 0:00:03]} Rxc8 {[%emt 0:00:01]} 24. Kf2 {[%emt 0:00:05]} Rc2+ {[%emt 0:00:02]} 25. Be2 {[%emt 0:00:03]} h6 {[%emt 0:00:09]} 26. Rxa7 {[%emt 0:00:02]} Qc4 {[%emt 0:00:06]} 27. Re1 {[%emt 0:00:03]} Rxb2 {[%emt 0:00:01]} 28. Kf1 {[%emt 0:00:04]} Qh4 {[%emt 0:00:02]} 29. Rd1 {[%emt 0:00:17]} Qxh2 {[%emt 0:00:03]} 30. Rd8+ {[%emt 0:00:03]} Kh7 {[%emt 0:00:03]} 31. Bd3+ {[%emt 0:00:00]} f5 {[%emt 0:00:12]} 32. Bxf5# {[%emt 0:00:03] (Lag: Av=0.59s, max=1.1s) (Lag: Av=0.59s, max=1.1s) (Lag: Av=0.59s, max=1.1s)} 1-0

[Event "Stay Safe Play From Home 381"]
[Site "Emanuel Lasker Arena"]
[Date "2020.08.13"]
[Round "8"]
[White "Lolzz"]
[Black "Hickey"]
[Result "1-0"]
[WhiteElo "2112"]
[BlackElo "2125"]
[PlyCount "67"]
[EventDate "2020.08.13"]
[EventType "swiss (blitz)"]

1. d4 {[%emt 0:00:07]} Nf6 {[%emt 0:00:03]} 2. c4 {[%emt 0:00:01]} e6 {[%emt 0:00:01]} 3. Nc3 {[%emt 0:00:02]} Bb4 {[%emt 0:00:02]} 4. Qb3 {[%emt 0:00:04]} c5 {[%emt 0:00:06]} 5. dxc5 {[%emt 0:00:01]} Nc6 {[%emt 0:00:02]} 6. Bg5 {[%emt 0:00:04]} h6 {[%emt 0:00:02]} 7. Bxf6 {[%emt 0:00:03]} Qxf6 {[%emt 0:00:00]} 8. Nf3 {[%emt 0:00:06]} Bxc3+ {[%emt 0:00:11]} 9. Qxc3 {[%emt 0:00:04]} Qxc3+ {[%emt 0:00:02]} 10. bxc3 {[%emt 0:00:01]} b6 {[%emt 0:00:01]} 11. cxb6 {[%emt 0:00:05]} axb6 {[%emt 0:00:00]} 12. e4 {[%emt 0:00:03]} Ke7 {[%emt 0:00:27]} 13. Bd3 {[%emt 0:00:05]} Ra3 {[%emt 0:00:08]} 14. Kd2 {[%emt 0:00:06]} Ba6 {[%emt 0:00:11]} 15. Rhb1 {[%emt 0:00:05]} Na5 {[%emt 0:00:05]} 16. Nd4 {[%emt 0:00:06]} Nxc4+ {[%emt 0:00:11]} 17. Bxc4 {[%emt 0:00:01]} Bxc4 {[%emt 0:00:00]} 18. Nc2 {[%emt 0:00:08]} Ra6 {[%emt 0:00:05]} 19. a4 {[%emt 0:00:01]} Rha8 {[%emt 0:00:03]} 20. Rb4 {[%emt 0:00:04]} b5 {[%emt 0:00:19]} 21. Ne3 {[%emt 0:00:01]} d5 {[%emt 0:00:08]} 22. Nxc4 {[%emt 0:00:06]} bxc4 {[%emt 0:00:10]} 23. Ke3 {[%emt 0:00:02]} Kd6 {[%emt 0:00:02]} 24. h4 {[%emt 0:00:05]} R8a7 {[%emt 0:00:03]} 25. Kd4 {[%emt 0:00:04]} e5+ {[%emt 0:00:02]} 26. Ke3 {[%emt 0:00:05]} Ra5 {[%emt 0:00:11]} 27. exd5 {[%emt 0:00:06]} Kxd5 {[%emt 0:00:00]} 28. h5 {[%emt 0:00:06]} f5 {[%emt 0:00:02]} 29. f4 {[%emt 0:00:04]} exf4+ {[%emt 0:00:02]} 30. Kxf4 {[%emt 0:00:02]} Kc5 {[%emt 0:00:01]} 31. Ra2 {[%emt 0:00:10]} Re7 {[%emt 0:00:02]} 32. Rd2 {[%emt 0:00:09]} Re4+ {[%emt 0:00:06]} 33. Kf3 {[%emt 0:00:01]} Re3+ {[%emt 0:00:00]} 34. Kxe3 {[%emt 0:00:04] Hickey resigns Hickey resigns Hickey resigns} 1-0

[Event "Stay Safe Play From Home 381"]
[Site "Emanuel Lasker Arena"]
[Date "2020.08.13"]
[Round "8"]
[White "Chesstiger9"]
[Black "Cybertonio"]
[Result "1-0"]
[WhiteElo "1968"]
[BlackElo "1557"]
[PlyCount "71"]
[EventDate "2020.08.13"]
[EventType "swiss (blitz)"]

{Volkov, Yuri} 1. d4 {[%emt 0:00:02]} d6 {[%emt 0:00:08]} 2. e4 {[%emt 0:00:02]} Nd7 {[%emt 0:00:00]} 3. Nc3 {[%emt 0:00:01]} e5 {[%emt 0:00:01]} 4. Nf3 {[%emt 0:00:01]} Be7 {[%emt 0:00:01]} 5. Bc4 {[%emt 0:00:02]} c6 {[%emt 0:00:02]} 6. a4 {[%emt 0:00:02]} Ngf6 {[%emt 0:00:01]} 7. h3 {[%emt 0:00:02]} O-O {[%emt 0:00:01]} 8. g4 {[%emt 0:00:02]} a6 {[%emt 0:00:01]} 9. g5 {[%emt 0:00:02]} Nh5 {[%emt 0:00:01]} 10. Nxe5 {[%emt 0:00:01]} dxe5 {[%emt 0:00:03]} 11. Qxh5 {[%emt 0:00:01]} exd4 {[%emt 0:00:02]} 12. Ne2 {[%emt 0:00:01]} Ne5 {[%emt 0:00:03]} 13. Bd3 {[%emt 0:00:07]} Nxd3+ {[%emt 0:00:05]} 14. cxd3 {[%emt 0:00:00]} Bb4+ {[%emt 0:00:01]} 15. Kf1 {[%emt 0:00:03]} g6 {[%emt 0:00:06]} 16. Qf3 {[%emt 0:00:21]} Be6 {[%emt 0:00:08]} 17. h4 {[%emt 0:00:02]} Qd7 {[%emt 0:00:01]} 18. Nf4 {[%emt 0:00:15]} Bg4 {[%emt 0:00:02]} 19. Qg3 {[%emt 0:00:01]} Bd6 {[%emt 0:00:08]} 20. h5 {[%emt 0:00:06]} Bxh5 {[%emt 0:00:03]} 21. Qh4 {[%emt 0:00:06]} Bxf4 {[%emt 0:00:06]} 22. Bxf4 {[%emt 0:00:02]} Qg4 {[%emt 0:00:05]} 23. Qxg4 {[%emt 0:00:04]} Bxg4 {[%emt 0:00:01]} 24. Be5 {[%emt 0:00:01]} Rae8 {[%emt 0:00:08]} 25. Bxd4 {[%emt 0:00:02]} Rd8 {[%emt 0:00:15]} 26. Bc5 {[%emt 0:00:11]} Rfe8 {[%emt 0:00:03]} 27. Rh4 {[%emt 0:00:06]} Bh5 {[%emt 0:00:04]} 28. d4 {[%emt 0:00:05]} Re6 {[%emt 0:00:10]} 29. e5 {[%emt 0:00:01]} Rde8 {[%emt 0:00:04]} 30. a5 {[%emt 0:00:01]} f5 {[%emt 0:00:02]} 31. gxf6 {[%emt 0:00:02]} Bf3 {[%emt 0:00:05]} 32. Re1 {[%emt 0:00:04]} Bd5 {[%emt 0:00:02]} 33. Re3 {[%emt 0:00:02]} Kf7 {[%emt 0:00:03]} 34. Rxh7+ {[%emt 0:00:02]} Kg8 {[%emt 0:00:02]} 35. Reh3 {[%emt 0:00:01]} g5 {[%emt 0:00:17]} 36. Rg7# {[%emt 0:00:01] (Lag: Av=0.92s, max=1.2s) (Lag: Av=0.92s, max=1.2s) (Lag: Av=0.92s, max=1.2s)} 1-0

[Event "Stay Safe Play From Home 381"]
[Site "Emanuel Lasker Arena"]
[Date "2020.08.13"]
[Round "8"]
[White "Lazieri3"]
[Black "Timbre"]
[Result "1-0"]
[WhiteElo "1936"]
[BlackElo "1642"]
[PlyCount "77"]
[EventDate "2020.08.13"]
[EventType "swiss (blitz)"]

1. e4 {[%emt 0:00:00]} c6 {[%emt 0:00:14]} 2. Nc3 {[%emt 0:00:00]} d5 {[%emt 0:00:01]} 3. exd5 {[%emt 0:00:03]} cxd5 {[%emt 0:00:02]} 4. d3 {[%emt 0:00:00]} Nc6 {[%emt 0:00:01]} 5. Nf3 {[%emt 0:00:01]} a6 {[%emt 0:00:01]} 6. d4 {[%emt 0:00:01]} Bf5 {[%emt 0:00:03]} 7. Be3 {[%emt 0:00:01]} e6 {[%emt 0:00:01]} 8. Bd3 {[%emt 0:00:01]} Bg6 {[%emt 0:00:02]} 9. Bxg6 {[%emt 0:00:01]} hxg6 {[%emt 0:00:02]} 10. h3 {[%emt 0:00:00]} Nf6 {[%emt 0:00:01]} 11. O-O {[%emt 0:00:00]} Bd6 {[%emt 0:00:05]} 12. Ne2 {[%emt 0:00:01]} Kf8 {[%emt 0:00:01]} 13. b3 {[%emt 0:00:01]} Kg8 {[%emt 0:00:02]} 14. c4 {[%emt 0:00:01]} e5 {[%emt 0:00:06]} 15. dxe5 {[%emt 0:00:07]} Nxe5 {[%emt 0:00:03]} 16. Nxe5 {[%emt 0:00:07]} Bxe5 {[%emt 0:00:02]} 17. Rc1 {[%emt 0:00:03]} dxc4 {[%emt 0:00:03]} 18. Rxc4 {[%emt 0:00:03]} Qf8 {[%emt 0:00:13]} 19. Bd4 {[%emt 0:00:12]} Bxd4 {[%emt 0:00:03]} 20. Nxd4 {[%emt 0:00:00]} Rh5 {[%emt 0:00:04]} 21. Nf3 {[%emt 0:00:05]} Qa3 {[%emt 0:00:13]} 22. Qc2 {[%emt 0:00:04]} Rf8 {[%emt 0:00:05]} 23. Rc7 {[%emt 0:00:02]} b5 {[%emt 0:00:03]} 24. Re1 {[%emt 0:00:03]} Qd6 {[%emt 0:00:03]} 25. Ra7 {[%emt 0:00:09]} Rf5 {[%emt 0:00:13]} 26. Ree7 {[%emt 0:00:06]} Rxf3 {[%emt 0:00:08]} 27. gxf3 {[%emt 0:00:01]} Qf4 {[%emt 0:00:05]} 28. Qd3 {[%emt 0:00:25]} Qg5+ {[%emt 0:00:08]} 29. Kf1 {[%emt 0:00:07]} Nh5 {[%emt 0:00:03]} 30. Qe4 {[%emt 0:00:06]} Qc1+ {[%emt 0:00:05]} 31. Qe1 {[%emt 0:00:10]} Qc8 {[%emt 0:00:10]} 32. Rad7 {[%emt 0:00:11]} Qc6 {[%emt 0:00:08]} 33. Rd4 {[%emt 0:00:19]} Qxf3 {[%emt 0:00:05]} 34. Qe3 {[%emt 0:00:01]} Qf6 {[%emt 0:00:15]} 35. Re8 {[%emt 0:00:03]} Rxe8 {[%emt 0:00:03]} 36. Qxe8+ {[%emt 0:00:01]} Kh7 {[%emt 0:00:01]} 37. Qe4 {[%emt 0:00:04]} Qb6 {[%emt 0:00:03]} 38. Qd5 {[%emt 0:00:04]} Qf6 {[%emt 0:00:02]} 39. Qxh5+ {[%emt 0:00:01] Time Time Time (Lag: Av=0.58s, max=0.9s) (Lag: Av=0.58s, max=0.9s) (Lag: Av=0.58s, max=0.9s) ' ' '} 1-0